Príklady uplatnenia daňového bonusu na zaplatené úroky

Po prvýkrát za rok 2018 si môžu daňovníci pri podaní daňového priznania alebo pri vykonaní ročného zúčtovania preddavkov na daň z príjmov zo závislej činnosti uplatniť nárok na daňový bonus na zaplatené úroky na bývanie. Ilustračné príklady.

Guardado en:
Detalles Bibliográficos
Autor principal: Mezeiová, Viera
Formato: Capítulo de libro
Lenguaje:eslovaco
Materias:
Etiquetas: Agregar Etiqueta
Sin Etiquetas, Sea el primero en etiquetar este registro!

MARC

LEADER 00000naa a2200000 4500
001 0253100
005 20221104110900.2
041 0 |a slo 
044 |a SK 
245 1 0 |a Príklady uplatnenia daňového bonusu na zaplatené úroky  |c Viera Mezeiová 
520 |a Po prvýkrát za rok 2018 si môžu daňovníci pri podaní daňového priznania alebo pri vykonaní ročného zúčtovania preddavkov na daň z príjmov zo závislej činnosti uplatniť nárok na daňový bonus na zaplatené úroky na bývanie. Ilustračné príklady. 
610 2 0 |a dane z príjmov 
610 2 0 |a priznania daňové 
610 2 0 |a preddavky 
610 2 0 |a Slovensko 
610 2 0 |a úľavy daňové 
610 2 0 |a úrok 
610 2 0 |a bývanie 
610 2 0 |a legislatíva 
100 1 |a Mezeiová, Viera